Resistencia de materiales v.II
| Main Author: | |
|---|---|
| Format: | Section = Libro |
| Language: | Undetermined Spanish |
| Published: |
Cuba
Pueblo y Educación
1980
|
| Subjects: |
| LEADER | 00439nam a2200169Ia 4500 | ||
|---|---|---|---|
| 008 | 240830s9999 xx 000 0 und d | ||
| 040 | |a CEDOC FIQ-RUSB / 620.112 F344 | ||
| 041 | |a spa | ||
| 082 | |a 620.112 F344 | ||
| 100 | 1 | |a Feodosiev, V.I. | |
| 245 | 1 | 0 | |a Resistencia de materiales v.II |
| 260 | |a Cuba |b Pueblo y Educación |c 1980 | ||
| 300 | |a 376 p. :il | ||
| 650 | 7 | |a RESISTENCIA DE MATERIALES | |
| 942 | |c BK |2 ddc | ||
| 991 | |a TEXTO | ||
| 999 | |c 14110 | ||